Deluge : a novel /

Saved in:
Bibliographic Details
Main Author: Doyle, Richard, 1948-
Format: Book
Language:English
Published: London : Arlington Books, 1976.
LEADER 00836cam a2200241 a 4500
001 c000272620
003 CARM
005 20070924141925.0
008 761216s1976 enk 000 1 eng d
015 |a GB*** 
019 1 |a 801100  |5 LACONCORD2021 
020 |a 0851402569 :  |c £3.50 
035 |a (OCoLC)2895300  |5 LACONCORD2021 
040 |a LC  |b eng  |c LC  |d SSLP  |d VCAV 
050 0 0 |a PZ4.D7552  |b De3  |a PR6054.O94 
082 0 4 |a 823.914  |2 22 
100 1 |a Doyle, Richard,  |d 1948- 
245 1 0 |a Deluge :  |b a novel /  |c by Richard Doyle. 
260 |a London :  |b Arlington Books,  |c 1976. 
300 |a 310 p. ;  |c 23 cm. 
852 8 |b CARM  |h A1:AN33B0  |i B08967  |p 0393388  |f BK 
999 f f |i 49933f39-c6fd-5e5e-a56d-ca9baa2969ec  |s f9b79c4b-e4cc-5677-b71f-d1512363fde1 
952 f f |p Can circulate  |a CAVAL  |b CAVAL  |c CAVAL  |d CARM 1 Store  |e B08967  |f A1:AN33B0  |h Other scheme  |i book  |m 0393388